000 00632nam a2200205 4500
003 OSt
005 20240704031617.0
006 a
008 240704b |||||||| |||| 00| 0 eng d
020 _a9780415339476
040 _aDWCL-Main lib.
_cOC
082 _aCirc. 418 F962l 2007
100 _aFulcher, Glenn
245 _aLangauge testing and assessment : an advanced resources book /
260 _aLondon :
_bRoutledge,
_cc2007.
300 _axx,
_b403 p. : ill. ;
_c25 cm.
504 _aIncludes bibliographical references and index.
650 _a1. Language and languages-Ability testing.
942 _2ddc
_n0
_cBK-CIRC
_kCirc.
999 _c1934
_d1934